Tipo de cambio real y empleo en Argentina, Brasil, Chile y México / (Registro nro. 8028)

Detalles MARC
000 -LEADER
fixed length control field 01170nam a2200265Ia 4500
003 - CONTROL NUMBER IDENTIFIER
control field OSt
005 - DATE AND TIME OF LATEST TRANSACTION
control field 20210714184107.0
008 - FIXED-LENGTH DATA ELEMENTS--GENERAL INFORMATION
fixed length control field 210310t2005 ck ad gr 000 0dspa d
020 ## - INTERNATIONAL STANDARD BOOK NUMBER
International Standard Book Number 9589764800
040 ## - CATALOGING SOURCE
Original cataloging agency CO-JMCR
Transcribing agency CO-JMCR
041 0# - LANGUAGE CODE
Language code of text/sound track or separate title spa
082 04 - DEWEY DECIMAL CLASSIFICATION NUMBER
Classification number 330.98 /
Item number F879t
Edition number 23
100 1# - MAIN ENTRY--PERSONAL NAME
Personal name Frenkel, Roberto,
9 (RLIN) 16128
Relator term autor
245 10 - TITLE STATEMENT
Title Tipo de cambio real y empleo en Argentina, Brasil, Chile y México /
Statement of responsibility, etc. Roberto Frenkel, Carlos Gustavo Cano
260 ## - PUBLICATION, DISTRIBUTION, ETC.
Place of publication, distribution, etc. Bogotá :
Name of publisher, distributor, etc. CESA,
Date of publication, distribution, etc. ©2005
300 ## - PHYSICAL DESCRIPTION
Extent 126 páginas :
Other physical details ilustraciones y gráficas a blanco y negro ;
Dimensions 21 cm.
500 ## - GENERAL NOTE
General note Incluye notas a pie de página y datos biográficos del autor.
504 ## - BIBLIOGRAPHY, ETC. NOTE
Bibliography, etc. note Bibliografía: páginas 125-126
505 0# - FORMATTED CONTENTS NOTE
Formatted contents note Los canales de influencia del TCR en el empleo -- Tipo de cambio real, empleo y desempleo en Argentina, Brasil, Chile y México -- Regímenes de política macroeconómica con TCR estable como meta intermedia
650 14 - SUBJECT ADDED ENTRY--TOPICAL TERM
Topical term or geographic name entry element Empleo
9 (RLIN) 16130
Geographic subdivision América Latina
651 #4 - SUBJECT ADDED ENTRY--GEOGRAPHIC NAME
Geographic name América Latina
General subdivision Condiciones económicas
9 (RLIN) 10316
651 #4 - SUBJECT ADDED ENTRY--GEOGRAPHIC NAME
Geographic name América Latina
General subdivision Política económica
9 (RLIN) 36232
700 1# - ADDED ENTRY--PERSONAL NAME
Personal name Gustavo Cano, Carlos,
Relator term autor
9 (RLIN) 38468
942 ## - ADDED ENTRY ELEMENTS (KOHA)
Source of classification or shelving scheme Dewey Decimal Classification
Koha item type Books
Existencias
Withdrawn status Lost status Source of classification or shelving scheme Damaged status Not for loan Collection code Home library Current library Date acquired Source of acquisition Full call number Barcode Date last seen Copy number Koha item type
    Dewey Decimal Classification     Non-fiction Biblioteca Pública José María del Castillo y Rada Biblioteca Pública José María del Castillo y Rada 04/15/2018 Donación 330.98 / F879t 430002602 05/16/2024 Ej.1 Books